| 000 | 01170nam0a2200313 i 4500 | ||
|---|---|---|---|
| 001 | RU\NLR\bibl\1914285 | ||
| 005 | 20260405071911.0 | ||
| 010 |
_a9785818918785 _932000 |
||
| 021 |
_aRU _b2012-37197 _92759 |
||
| 035 | _a(NLR Aleph) 001903799 | ||
| 090 |
_a3083414 _c3083414 |
||
| 100 | _a20120614d2012 u y0rusy50 ca | ||
| 101 | 0 | _arus | |
| 102 | _aRU | ||
| 105 | _aa ||||||||| | ||
| 200 | 1 |
_aГраф Калиостро _e[роман] _fЕвгений Салиас |
|
| 210 |
_aМосква _cСтолица _cАрхивКонсалт _d2012 |
||
| 215 |
_a318, [1] с. _cил. _d21 |
||
| 225 | 1 | _aКнижная коллекция МК | |
| 225 | 1 | _aАвантюрный роман | |
| 600 | 1 |
_aКалиостро _bА. _f1743 - 1795 _gАлессандро _xв художественной литературе _91258334 _3RU\NLR\auth\66516238 |
|
| 686 | _aШ6(2=Р)52-4 | ||
| 700 | 1 |
_4070 _8rus _7ca _aСалиас-де-Турнемир _bЕ. А. _f1840-1908 _gЕвгений Андреевич _3RU\NLR\auth\7718544 _91621 |
|
| 801 | 0 |
_aRU _bNLR _c20120614 _gRCR |
|
| 801 | 1 |
_aRU _bNLR _c20120614 |
|
| 942 | _cBOOK | ||
| 980 | _aNBR | ||